000 00376nam a2200145Ia 4500
008 220920s9999 xx 000 0 und d
020 _a9788188681426
082 _bKHA
100 _aKHARE, VINOD KUMAR
245 0 _aAMAZING FACTS YOU MAY BE INTERESTED TO KNOW
260 _bSHALABH PUBLISHING HOUSE, MEERUT
_c2013
300 _a1150
650 _aSociology
942 _cBK
999 _c170738
_d170738